| 000 | 02378cam a2200349 a 4500 | ||
|---|---|---|---|
| 003 | EG-GiCUC | ||
| 005 | 20250223032832.0 | ||
| 008 | 211019s2021 ua dh f m 000 0 eng d | ||
| 040 |
_aEG-GiCUC _beng _cEG-GiCUC |
||
| 041 | 0 | _aeng | |
| 049 | _aDeposite | ||
| 097 | _aM.Sc | ||
| 099 | _aCai01.08.03.M.Sc.2021.Me.A | ||
| 100 | 0 | _aMenna Tullah Sameeh Elsayed Elsherbiny | |
| 245 | 1 | 0 |
_aAnalytical approaches for the determination of some selected binary pharmaceutical formulations / _cMenna Tullah Sameeh Elsayed Elsherbiny ; Supervised Khadiga Mohamed Kelani , Mamdouh Reda Rezk , Hany Hunter Monir Bebawi |
| 246 | 1 | 5 | _aطرق تحليلية لتعيين بعض المستحضرات الصيدلانية الثنائية المختارة |
| 260 |
_aCairo : _bMenna Tullah Sameeh Elsayed Elsherbiny , _c2021 |
||
| 300 |
_a181 P. : _bcharts , facsimiles ; _c25cm |
||
| 502 | _aThesis (M.Sc.) - Cairo University - Faculty of Pharmacy - Department of Analytical Chemistry | ||
| 520 | _aThis thesis focuses on binary pharmaceutical formulations analysis. Two binary mixture were studied.The first one is hyoscine butylbromide (HYS)/ ketoprofen (KTP), while the second is dextromethorphan HBr (DEX) /benzocaine (BENZ). Different analytical methods (spectroscopic and chromatographic) have been discussed and applied on standard drugs and dosage form. This thesis contains 3 parts: Part one: General introduction and literature review. Part two: Determination of hyoscine butylbromide and ketoprofen in their mixture.Section A: Spectrophotometric and Spectroscopic (Coabsorptive, dual wavelength and IR coupled to chemometric methods) Section B: Chromatographic (HPLC & TLC) Part three: Determination of dextromethorphan HBr and benzocaine in their mixture. Section A: Spectrophotometric and Spectroscopic (dual wavelength, ratio difference, second derivative and IR coupled to chemometric methods ) Section B: Chromatographic (HPLC) | ||
| 530 | _aIssued also as CD | ||
| 653 | 4 | _aDextromethorphan HBr benzocaine | |
| 653 | 4 | _aHyoscine butylbromide | |
| 653 | 4 | _aKetoprofen | |
| 700 | 0 |
_aHany Hunter Monir Bebawi , _eSupervisor |
|
| 700 | 0 |
_aKhadiga Mohamed Kelani , _eSupervisor |
|
| 700 | 0 |
_aMamdouh Reda Rezk , _eSupervisor |
|
| 856 | _uhttp://172.23.153.220/th.pdf | ||
| 905 |
_aNazla _eRevisor |
||
| 905 |
_aShimaa _eCataloger |
||
| 942 |
_2ddc _cTH |
||
| 999 |
_c82671 _d82671 |
||